| Tag |
First Indicator |
Second Indicator |
Subfields |
| LEADER |
00000cam a2200000 a 4500 |
| 001 |
in00001403941 |
| 005 |
20151020054245.0 |
| 008 |
971118s1997 txu l s001 0 eng d |
| 035 |
|
|
|a (OCoLC)37956281
|
| 035 |
|
|
|9 AHN0913AM
|
| 040 |
|
|
|a IKM
|c IKM
|d TXA
|d UtOrBLW
|
| 049 |
|
|
|a TXAO
|
| 086 |
|
|
|a S600.4 SE26 1997
|2 txdocs
|
| 110 |
1 |
|
|a Texas.
|
| 240 |
1 |
0 |
|a Securities Act (1997)
|
| 245 |
1 |
4 |
|a The Securities Act, state of Texas :
|b effective August 22, 1957 : as amended, including all amendments effective as of September 1, 1997.
|
| 264 |
|
1 |
|a Austin, Tex. :
|b State Securities Board,
|c [1997]
|
| 300 |
|
|
|a 119 pages ;
|c 23 x 11 cm.
|
| 336 |
|
|
|a text
|b txt
|2 rdacontent
|
| 337 |
|
|
|a unmediated
|b n
|2 rdamedia
|
| 338 |
|
|
|a volume
|b nc
|2 rdacarrier
|
| 500 |
|
|
|a Includes index.
|
| 650 |
|
0 |
|a Securities
|z Texas.
|
| 650 |
|
0 |
|a Corporation law
|z Texas.
|
| 710 |
1 |
|
|a Texas.
|b State Securities Board.
|
| 999 |
|
|
|a MARS
|
| 999 |
f |
f |
|s 47a32a1f-a7ec-3b6c-95a9-8eed88bd3942
|i 0181fca3-f29d-3d02-810f-8747493a1973
|t 0
|
| 952 |
f |
f |
|p normal
|a Texas A&M University
|b College Station
|c Sterling C. Evans Library
|d Evans: Texas Documents (Annex 5th floor)
|t 0
|e S600.4 SE26 1997
|h Other scheme
|i unmediated -- volume
|m A14821907418
|
| 998 |
f |
f |
|a S600.4 SE26 1997
|t 0
|l Evans: Texas Documents (Annex 5th floor)
|